Caracol [de] 200 años : reflexiones sobre la historia : [Nación, ciudadanía e indigenismo] /

Panel sobre el proceso de construcción socio-histórica de la identidad o identidades nacionales en México, su expresión en diferentes prácticas y productos culturales y el papel que han desempeñado tanto la sociedad civil como el Estado en dicha edificación. Hugo Pichardo Hernández, académico de la...

Ausführliche Beschreibung

Gespeichert in:
Bibliographische Detailangaben
Körperschaften: Reunión Nacional de la Red de Televisión y Video de las Instituciones de Educación Superior, Muestra Nacional de Televisión y Video de las Instituciones de Educación Superior
Weitere Verfasser: Barranco, Francisco (idea original) (idea original), Barranco, Francisco (producción) (producción), Rosado Briseño, Jesús Alberto (realización) (realización), Barranco, Francisco (guión) (guión), Juárez, Diana (guión) (guión), Medina, Mónica (guión) (guión), Pichardo Hernández, Hugo (asesoría) (asesoría), Barranco, Francisco (fotógrafo) (fotógrafo), Cruz, Carlos (fotógrafo) (fotógrafo), Medina, Mónica (fotógrafo) (fotógrafo), Calleja Rodríguez, Adriana (música) (música), Maceda Mejías, Oscar (música) (música), Mora Hernández, Edgar (música) (música), Nava Nava, María del Carmen (conferencia) (conferencia), Flores Rentería, Joel (conferencia) (conferencia), Pichardo Hernández, Hugo (conducción) (conducción)
Format: Tagungsbericht Dia
Sprache:Spanisch
Schriftenreihe:(Muestra Nacional de Televisión y Video de las Instituciones de Educación Superior ; Categoría Televisión) 2010.
(Muestra Nacional de Televisión y Video de las Instituciones de Educación Superior ; UAM Xochimilco) 2010.
Schlagworte:
Tags: Tag hinzufügen
Keine Tags, Fügen Sie das erste Tag hinzu!

MARC

LEADER 00000ngm^a2200000^a^4500
001 000341958
005 20250521000000.0
009 20260310114539.227
037 |a Acervo ITESO - Biblioteca 
041 |a ESP 
082 |a 302. 234420972  |b REU MUE 2010 V. 69 
240 1 1 |a [Caracol de 200 años] 
240 1 1 |a [Muestra Nacional de Televisión y Video de las Instituciones de Educación Superior 2010: producciones de la categoría televisión] 
240 1 1 |a [Muestra Nacional de Televisión y Video de las Instituciones de Educación Superior 2010: producciones de la UAM Xochimilco] 
240 1 1 |a [Muestra Nacional de Televisión y Video de las Instituciones de Educación Superior 2010] 
240 1 1 |a [Muestra Nacional de Televisión y Video de las Instituciones de Educación Superior: producciones de la categoría televisión] 
240 1 1 |a [Muestra Nacional de Televisión y Video de las Instituciones de Educación Superior: producciones de la UAM Xochimilco] 
240 1 1 |a [Muestra Nacional de Televisión y Video de las Instituciones de Educación Superior] 
245 1 0 |a Caracol [de] 200 años :  |b reflexiones sobre la historia : [Nación, ciudadanía e indigenismo] /  |c Idea original y prod. de F. Barranco... [et al.] ; realización de J.A. Rosado Briseño. 
246 2 |a Título en la pantalla: Caracol de 200 años: reflexiones sobre la historia 
264 |a México :  |b Universidad Autónoma Metropolitana Xochimilco, TV UAM-X,  |c 2010 
264 |a México :  |b ANUIES [distribución],  |c 2010 
300 |a 1 DVD sin dato de región  |c (55 min.) 
336 |a imagen móvil bidimensional  |b tdi  |2 rdacontenido 
337 |a video  |b v  |2 rdamedio 
338 |a videodisco  |b vd  |2 rdasoporte 
440 1 |a (Muestra Nacional de Televisión y Video de las Instituciones de Educación Superior ;  |v 2010.  |p Categoría Televisión) 
440 1 |a (Muestra Nacional de Televisión y Video de las Instituciones de Educación Superior ;  |v 2010.  |p UAM Xochimilco) 
520 |a Panel sobre el proceso de construcción socio-histórica de la identidad o identidades nacionales en México, su expresión en diferentes prácticas y productos culturales y el papel que han desempeñado tanto la sociedad civil como el Estado en dicha edificación. Hugo Pichardo Hernández, académico de la División de Ciencias Sociales y Humanidades (CSH), de la Universidad Autónoma Metropolitana Xochimilco (UAM-X), conduce este diálogo en el que toman parte sus colegas María del Carmen Nava Nava y Joel Flores Rentería, integrantes del Departamento Política y Cultura dentro de dicha División. Una de las ocho emisiones de Caracol de 200 años, serie de programas de debate producidos por TV UAM-X con motivo del Bicentenario del inicio de la Guerra de Independencia y el Centenario del comienzo de la Revolución Mexicana. 
520 |a Suplementos y características especiales: ninguna. 
649 |a XX 
650 |a Programas de Opinión y Debate 
650 |a Debates y el Arte de Discutir 
650 |a Televisión -  |z México -  |y 2010-2019 
650 |a Televisión -  |z México -  |y Siglo XXI 
650 |a Identidad Nacional -  |z México -  |x Tema Principal 
650 |a Identidad Cultural -  |z México 
650 |a Prácticas Culturales -  |z México 
650 |a Simbolismo -  |z México 
650 |a México -  |x Condiciones Sociales y Culturales 
650 |a México -  |x Historia -  |y Bicentenario de la Independencia, 2010 
650 |a México -  |x Historia -  |y Centenario de la Revolución, 2010 
650 |a México -  |x Historia 
650 |a Sociología Política 
650 |a Antropología Cultural 
711 |a Reunión Nacional de la Red de Televisión y Video de las Instituciones de Educación Superior (  |n 16a :  |d 2010 :  |c Universidad Juárez Autónoma de Tabasco) 
711 |a Muestra Nacional de Televisión y Video de las Instituciones de Educación Superior (  |n 12a :  |d 2010 :  |c Universidad Juárez Autónoma de Tabasco) 
700 |a Barranco, Francisco  |e (idea original) 
700 |a Barranco, Francisco  |e (producción) 
700 |a Rosado Briseño, Jesús Alberto  |e (realización) 
700 |a Barranco, Francisco  |e (guión) 
700 |a Juárez, Diana  |e (guión) 
700 |a Medina, Mónica  |e (guión) 
700 |a Pichardo Hernández, Hugo  |e (asesoría) 
700 |a Barranco, Francisco  |e (fotógrafo) 
700 |a Cruz, Carlos  |e (fotógrafo) 
700 |a Medina, Mónica  |e (fotógrafo) 
700 |a Calleja Rodríguez, Adriana  |e (música) 
700 |a Maceda Mejías, Oscar  |e (música) 
700 |a Mora Hernández, Edgar  |e (música) 
700 |a Nava Nava, María del Carmen  |e (conferencia) 
700 |a Flores Rentería, Joel  |e (conferencia) 
700 |a Pichardo Hernández, Hugo  |e (conducción) 
910 |a Fondo General 
920 |a Audiovisuales - DVDs 
905 |a 302 
901 |a 0500231441  |b IT2  |c DVS  |i D63161  |u 20250521 
902 |a https://opac.biblio.iteso.mx/vufind/Record/000341958